000 00577nam a22002417a 4500
003 UA-OsUOA
001 20418
007 ta
008 20031028b un ||||| |||| 00| 0 ukr d
100 _aМамлеев Дмитрий
090 _a910.4 (47+57)
_bМ22
942 _cBK
040 _aUA-OsUOA
_brus
_cUA-OsUOA
_dUA-OsUOA
245 _aТакая разная планета
300 _a254 с.
955 _a0
041 _arus
080 _a910.4 (47+57)
260 _aМосква
_bИзвестия
_c1984
044 _aRU
650 7 _2UDC
999 _c306595
_d306595